DUYDUK DUYMADIK DEMEYİN (Record no. 817272)

MARC details
000 -LEADER
sabit uzunluktaki kontrol alanı 00250nam a2200097Ia 4500
001 - KONTROL NUMARASI
kontrol alanı 817272
005 - EN SON İŞLEMİN TARİH VE ZAMANI
kontrol alanı 20250826171731.0
008 - SABİT-UZUNLUKTA VERİ ÖĞELERİ--GENEL BİLGİ
sabit uzunluktaki kontrol alanı 250824s9999 xx 000 0 und d
245 #0 - ESER / YAZAR
ESER ADI DUYDUK DUYMADIK DEMEYİN
Yazar Adı MUZAFFER İZGÜ
260 ## - YAYIN, DAĞITIM, VB.
YAYIN EVİ BİLGİ YAYINEVİ
Holdings
Düşüm durumu Kayıp durumu Hasar Durumu Ödünç verilmez Ana kütüphane Geçerli Kütüphane Edinilen tarih Toplam ödünç verme sayısı Barkod Son görüntüleme tarihi Son ödünç verme tarihi Fiyatın geçerli olmaya başladığı tarih Koha materyal türü
        AHMET KARACİĞAN ORTAOKULU AHMET KARACİĞAN ORTAOKULU 24.08.2025 1 10401870 19.02.2026 17.02.2026 26.08.2025 Books